[Event "5th Classic Open 2013"]
[Site "London ENG"]
[Date "2013.12.12"]
[Round "6.84"]
[White "Kouchak, Jason"]
[Black "Shah, Dipak K"]
[Result "0-1"]
[WhiteElo "1740"]
[BlackElo "1886"]
[WhiteFideId "26011379"]
[BlackFideId "425842"]
[EventDate "2013.12.07"]

1. d4 c5 2. c3 e6 3. Nf3 d5 4. Bf4 Nc6 5. e3 c4 6. Nbd2 Nf6 7. Bg5 Be7 8. Bxf6
Bxf6 9. e4 Be7 10. e5 f6 11. Be2 Qc7 12. exf6 Bxf6 13. O-O O-O 14. Re1 Qf7 15.
Rf1 b5 16. b4 a5 17. a3 e5 18. dxe5 Nxe5 19. Nd4 Qg6 20. Bh5 Qh6 21. Nxb5 axb4
22. Nc7 Rxa3 23. Rxa3 bxa3 24. Be2 a2 25. Nf3 Nxf3+ 26. Bxf3 Bxc3 27. Qa4 a1=Q
28. Rxa1 Bxa1 29. Qxa1 Bb7 30. Qd4 Qc1+ 31. Bd1 Rf4 0-1

[Event "5th Classic Open 2013"]
[Site "London ENG"]
[Date "2013.12.12"]
[Round "6.88"]
[White "Haddock, Paul"]
[Black "Warstad, Leif E"]
[Result "0-1"]
[WhiteElo "1668"]
[BlackElo "1564"]
[WhiteFideId "419150"]
[BlackFideId "1516060"]
[EventDate "2013.12.07"]

1. e4 c5 2. Nf3 Nc6 3. d4 cxd4 4. Nxd4 Nf6 5. Nc3 d6 6. Bc4 e6 7. Bb3 Be7 8. O-O
O-O 9. f4 Bd7 10. Be3 a6 11. Qf3 Nxd4 12. Bxd4 Bc6 13. Rae1 b5 14. Bxf6 Bxf6 15.
Qg3 Bh4 16. Qe3 Bxe1 17. Rxe1 Rc8 18. f5 Qd7 19. fxe6 fxe6 20. Qh3 Rce8 21. Re3
Kh8 22. Nd5 exd5 0-1

[Event "5th Classic Open 2013"]
[Site "London ENG"]
[Date "2013.12.13"]
[Round "7.1"]
[White "Brunello, Sabino"]
[Black "Bartel, Mateusz"]
[Result "1/2-1/2"]
[WhiteTitle "GM"]
[BlackTitle "GM"]
[WhiteElo "2603"]
[BlackElo "2649"]
[WhiteFideId "813613"]
[BlackFideId "1112635"]
[EventDate "2013.12.07"]

1. d4 Nf6 2. c4 e6 3. Nf3 b6 4. g3 Ba6 5. b3 b5 6. cxb5 Bxb5 7. Nc3 Ba6 8. Bg2
d5 9. Na4 Nbd7 10. O-O Rc8 11. a3 Ne4 12. Bb2 Bb5 13. Nc3 Nxc3 14. Bxc3 Be7 15.
a4 Ba6 16. b4 O-O 17. Nd2 c6 18. Nb3 Rb8 19. Qd2 Nb6 20. Rfb1 Nc4 21. Qe1 Qc7
22. e3 e5 23. dxe5 Nxe5 24. Bxe5 Qxe5 25. Nd4 Bb7 26. b5 c5 27. Nc6 Bxc6 28.
bxc6 Rbc8 29. Qa5 Rxc6 30. Qxa7 Rc7 31. Qa5 Rd8 32. Rd1 Rcc8 33. Rac1 Qe6 34.
Qd2 d4 35. exd4 Rxd4 36. Qc2 Bf6 37. a5 Qa6 38. Rxd4 Bxd4 39. Qd2 Rb8 40. Bf1
Qa8 41. a6 h5 42. Qe2 Rb2 43. Rc2 Rb1 44. Ra2 h4 45. gxh4 Rb6 46. h5 Re6 47. Qg4
Qd5 48. Re2 f5 49. Qf4 Rxa6 50. Re8+ Kf7 51. Bxa6 Kxe8 52. Bc8 Qe5 53. Qxf5 Qxf5
54. Bxf5 c4 55. Kf1 1/2-1/2

[Event "5th Classic Open 2013"]
[Site "London ENG"]
[Date "2013.12.13"]
[Round "7.2"]
[White "Delchev, Aleksander"]
[Black "Van Kampen, Robin"]
[Result "1/2-1/2"]
[WhiteTitle "GM"]
[BlackTitle "GM"]
[WhiteElo "2648"]
[BlackElo "2601"]
[WhiteFideId "2900394"]
[BlackFideId "1020854"]
[EventDate "2013.12.07"]

1. d4 Nf6 2. c4 g6 3. Nc3 Bg7 4. e4 d6 5. Nf3 O-O 6. h3 e5 7. d5 Nh5 8. g3 Na6
9. Be2 f5 10. exf5 gxf5 11. Bg5 Qe8 12. Nh4 Nf6 13. Qc2 Nc5 14. Be3 e4 15. O-O-O
Nfd7 16. Nb5 Qd8 17. f4 exf3 18. Nxf3 a6 19. Nbd4 Ne5 20. Nh4 Qe7 21. Bf4 Ng6
22. Nxg6 hxg6 23. h4 Bd7 24. Bf3 Rae8 25. Bg5 1/2-1/2

[Event "5th Classic Open 2013"]
[Site "London ENG"]
[Date "2013.12.13"]
[Round "7.3"]
[White "Bok, Benjamin"]
[Black "Hammer, Jon Ludvig"]
[Result "0-1"]
[WhiteTitle "IM"]
[BlackTitle "GM"]
[WhiteElo "2540"]
[BlackElo "2612"]
[WhiteFideId "1017063"]
[BlackFideId "1503707"]
[EventDate "2013.12.07"]

1. e4 e5 2. Nf3 Nc6 3. Bb5 Nf6 4. d3 Bc5 5. c3 O-O 6. O-O Re8 7. Nbd2 a6 8. Bxc6
dxc6 9. Nc4 Nd7 10. Qc2 Bd6 11. Bg5 f6 12. Be3 Qe7 13. Nfd2 c5 14. Nxd6 Qxd6 15.
Nb3 b6 16. d4 cxd4 17. cxd4 exd4 18. Nxd4 Ne5 19. f3 c5 20. Ne2 Qd3 21. Qxd3
Nxd3 22. b3 f5 23. Rad1 fxe4 24. fxe4 Bg4 25. Nc3 Bxd1 26. Rxd1 Rad8 27. Nd5
Rxd5 28. exd5 Rxe3 29. d6 Kf7 0-1

[Event "5th Classic Open 2013"]
[Site "London ENG"]
[Date "2013.12.13"]
[Round "7.4"]
[White "Vakhidov, Jahongir"]
[Black "Grachev, Boris"]
[Result "1/2-1/2"]
[WhiteTitle "IM"]
[BlackTitle "GM"]
[WhiteElo "2452"]
[BlackElo "2669"]
[WhiteFideId "14201801"]
[BlackFideId "4129199"]
[EventDate "2013.12.07"]

1. d4 d5 2. c4 e6 3. Nf3 Nf6 4. g3 Bb4+ 5. Bd2 Be7 6. Bg2 c6 7. Qc2 O-O 8. O-O
Nbd7 9. Rd1 b6 10. Bf4 Bb7 11. Nc3 dxc4 12. Nd2 Nd5 13. Nxc4 Nxf4 14. gxf4 Qc7
15. e3 Rad8 16. a4 Bb4 17. Na2 Be7 18. b4 Nf6 19. Ne5 Nd5 20. Rac1 Nxb4 21. Nxb4
Bxb4 22. Nxc6 Bxc6 23. Qxc6 Qe7 24. Qe4 Bd6 25. Rc6 g6 26. d5 Bc5 27. Bf3 Rd6
28. Rxd6 Qxd6 29. dxe6 Qxe6 30. Qxe6 fxe6 31. Bg4 Re8 32. Rd7 a5 33. Kg2 e5 34.
f5 Re7 35. Rd8+ Kg7 36. Kf3 Rc7 37. fxg6 hxg6 38. Be6 Kf6 39. Bd5 Rh7 40. Rc8
Rh3+ 41. Kg2 Rh4 42. Rc6+ Kg7 43. Rc7+ Kh6 44. Bc6 Kg5 45. h3 Kf6 46. Bb5 g5 47.
Rc6+ Kf7 48. Kg3 Kg7 49. Rc8 Kf6 50. Bc6 Rb4 51. Rh8 Kg7 52. Re8 Kf6 53. Kf3 Be7
54. Bd7 Kf7 55. Rh8 Kg7 56. Rc8 Kf7 57. Bc6 Kf6 58. Rh8 Rh4 59. Rb8 Rb4 60. Rb7
Bc5 61. Be8 Rh4 62. Bd7 Rb4 63. Kg3 Bd6 64. Be8 Be7 65. Kf3 Bd6 66. Rh7 Bc5 67.
Rh6+ Ke7 68. Bc6 Kf7 69. Rh8 Kg7 70. Re8 Kf6 71. Bd7 Be7 72. Kg3 Rc4 73. Rh8 Kg7
74. Rb8 Rb4 75. Kg2 Kf7 76. Be8+ Kf6 77. Rb7 Bc5 78. Rf7+ Ke6 79. Rg7 Be7 80.
Kg3 Rh4 81. Bb5 Rb4 82. Rg6+ Bf6 83. Rg8 Be7 84. Bc6 Rc4 85. Be8 Rh4 86. Kg2 Bf6
87. Bb5 Rh8 88. Bc4+ Kf5 89. Bd3+ Ke6 90. Rxh8 Bxh8 1/2-1/2

[Event "5th Classic Open 2013"]
[Site "London ENG"]
[Date "2013.12.13"]
[Round "7.5"]
[White "Rahman, Ziaur"]
[Black "Gharamian, Tigran"]
[Result "1/2-1/2"]
[WhiteTitle "GM"]
[BlackTitle "GM"]
[WhiteElo "2496"]
[BlackElo "2656"]
[WhiteFideId "10200037"]
[BlackFideId "13301527"]
[EventDate "2013.12.07"]

1. d4 e6 2. Nf3 Nf6 3. Bf4 Be7 4. e3 Nh5 5. Bg3 d6 6. c4 c5 7. Nc3 Nd7 8. Be2 a6
9. d5 e5 10. Nd2 Nhf6 11. h3 O-O 1/2-1/2

[Event "5th Classic Open 2013"]
[Site "London ENG"]
[Date "2013.12.13"]
[Round "7.6"]
[White "Semcesen, Daniel"]
[Black "Gupta, Abhijeet"]
[Result "0-1"]
[WhiteTitle "IM"]
[BlackTitle "GM"]
[WhiteElo "2488"]
[BlackElo "2608"]
[WhiteFideId "1706993"]
[BlackFideId "5010608"]
[EventDate "2013.12.07"]

1. d4 Nf6 2. c4 g6 3. Nc3 d5 4. Nf3 Bg7 5. Qb3 dxc4 6. Qxc4 O-O 7. e4 a6 8. Qa4
c5 9. dxc5 Bd7 10. Qb4 Nc6 11. Qa3 b5 12. cxb6 Qxb6 13. Be2 Nb4 14. Qb3 a5 15.
O-O a4 16. Qd1 Rfd8 17. Be3 Qb7 18. Nd2 Bc6 19. a3 Nd3 20. Qc2 Ne5 21. f3 Be8
22. Rab1 Nc6 23. Rfc1 Nd4 24. Qd1 Nb3 25. Rc2 Nh5 26. Qe1 Bd4 27. Bxd4 Nxd4 28.
Rcc1 Nxe2+ 29. Qxe2 Qa7+ 0-1

[Event "5th Classic Open 2013"]
[Site "London ENG"]
[Date "2013.12.13"]
[Round "7.7"]
[White "Nevednichy, Vladislav"]
[Black "Summerscale, Aaron P"]
[Result "1-0"]
[WhiteTitle "GM"]
[BlackTitle "GM"]
[WhiteElo "2604"]
[BlackElo "2423"]
[WhiteFideId "1205730"]
[BlackFideId "400980"]
[EventDate "2013.12.07"]

1. e4 d6 2. d4 Nf6 3. Bd3 e5 4. c3 Be7 5. Nf3 Nbd7 6. O-O O-O 7. Nbd2 c6 8. a4
a5 9. Re1 Qc7 10. Nf1 Re8 11. Ng3 g6 12. h3 Bf8 13. Bc2 Bg7 14. Be3 b6 15. Qd2
Bb7 16. Bh6 c5 17. d5 c4 18. Rf1 Ba6 19. Nh2 Bxh6 20. Qxh6 Kh8 21. Qd2 Ng8 22.
f4 f6 23. Ng4 Rf8 24. h4 Rae8 25. f5 Re7 26. Ne3 Rg7 27. fxg6 hxg6 28. h5 gxh5
29. Rf5 Rh7 30. Rxh5 Rxh5 31. Nxh5 Rf7 32. Rf1 Rh7 33. Ng3 Nf8 34. Ngf5 Ng6 35.
g3 N6e7 36. Nh4 Qd7 37. Kg2 Bc8 38. Rh1 Qc7 39. Bd1 Bd7 40. Qe2 Qc5 41. Qd2 Kg7
42. Bg4 Bxg4 43. Nxg4 Nh6 44. Ne3 Kh8 45. Rf1 Rf7 46. Qe2 Kg7 47. Rf5 Nhxf5 48.
Nexf5+ Nxf5 49. Nxf5+ Kf8 50. Qh5 Rc7 51. Qg6 Rf7 52. Nh6 Rc7 53. Qxf6+ Ke8 54.
Nf5 Rd7 55. Qh8+ Kf7 56. Qg7+ Ke8 57. Qg8# 1-0

[Event "5th Classic Open 2013"]
[Site "London ENG"]
[Date "2013.12.13"]
[Round "7.9"]
[White "Iordachescu, Viorel"]
[Black "Slavin, Alexey"]
[Result "1-0"]
[WhiteTitle "GM"]
[BlackTitle "IM"]
[WhiteElo "2614"]
[BlackElo "2363"]
[WhiteFideId "13900200"]
[BlackFideId "24104388"]
[EventDate "2013.12.07"]

1. c4 c5 2. Nc3 b6 3. e3 Nf6 4. d4 cxd4 5. exd4 e6 6. Nf3 Bb4 7. Bd3 h6 8. O-O
O-O 9. Ne4 Bb7 10. Nxf6+ Qxf6 11. Ne5 Rd8 12. Be3 Bf8 13. Qh5 Be7 14. Bg5 Qxg5
15. Qxf7+ Kh8 16. Ng6+ Kh7 17. Nxe7+ Kh8 18. Ng6+ Kh7 19. Nf4+ Kh8 20. h4 Qf6
21. Ng6+ Kh7 22. Ne5+ Kh8 23. Qxf6 gxf6 24. Nf7+ 1-0

[Event "5th Classic Open 2013"]
[Site "London ENG"]
[Date "2013.12.13"]
[Round "7.11"]
[White "Harika, Dronavalli"]
[Black "Sowray, Peter J"]
[Result "1/2-1/2"]
[WhiteTitle "GM"]
[BlackTitle "FM"]
[WhiteElo "2487"]
[BlackElo "2326"]
[WhiteFideId "5015197"]
[BlackFideId "400971"]
[EventDate "2013.12.07"]

1. d4 f5 2. Nf3 Nf6 3. g3 g6 4. Bg2 Bg7 5. b3 O-O 6. Bb2 d6 7. O-O Qe8 8. c4 Na6
9. Qc2 Rb8 10. a3 c6 11. Nbd2 b5 12. Rac1 Kh8 13. b4 Bd7 14. Nb3 Ne4 15. Rfd1
Qf7 16. Na5 Rbc8 17. e3 Nc7 18. Qe2 bxc4 19. Nxc4 Nd5 20. Ne1 g5 21. f3 Nef6 22.
Nd3 Qg6 23. Rf1 g4 24. Nf4 Nxf4 25. exf4 Qf7 26. fxg4 fxg4 27. Rfe1 Nd5 28. Ne3
Nxe3 29. Qxe3 Bf6 30. Rc2 Qg7 31. Rec1 d5 32. Bf1 Rb8 33. Rc5 Rb7 34. Rd1 Rfb8
35. Bc3 Kg8 36. Be1 Kf7 37. Bf2 Qf8 38. Re1 Rb6 39. Bd3 Kg8 40. Rec1 Qf7 41. Ra5
R8b7 42. Rac5 Qg7 43. Bf1 Rb8 44. Be2 R8b7 45. Qc3 Qf7 46. Qd2 Qg7 47. Qd3 Rb5
48. Bd1 Rxc5 49. Rxc5 Rb5 50. Rc1 Rb6 51. Ba4 Be8 52. Qe3 Bd7 53. Qd3 Qf7 54.
Rc5 Qg7 55. Bb3 Qf7 56. Bc2 Qg7 57. Qc3 Be8 58. Bf5 h5 59. a4 Qf7 60. Qe1 Qg7
61. Be6+ Kh7 62. Qc3 Qg6 63. f5 Qh6 64. Be3 Bg5 65. Bxg5 Qxg5 66. Qe1 h4 67. Rc2
h3 68. Kf2 Qf6 69. Ke3 Kg7 70. Kd3 Bf7 71. Rf2 Rb8 72. Bxf7 Kxf7 73. a5 Qd6 74.
Rb2 Kf6 75. Qe3 1/2-1/2

[Event "5th Classic Open 2013"]
[Site "London ENG"]
[Date "2013.12.13"]
[Round "7.12"]
[White "Elsness, Frode"]
[Black "Gislason, Gudmundur"]
[Result "1-0"]
[WhiteTitle "IM"]
[BlackTitle "FM"]
[WhiteElo "2482"]
[BlackElo "2318"]
[WhiteFideId "1501100"]
[BlackFideId "2300559"]
[EventDate "2013.12.07"]

1. d4 Nf6 2. c4 g6 3. f3 Bg7 4. e4 d6 5. Nc3 O-O 6. Be3 c6 7. Qd2 Re8 8. Bd3 e5
9. d5 a6 10. Nge2 cxd5 11. cxd5 b5 12. b4 Nbd7 13. a4 bxa4 14. Rxa4 Nb6 15. Ra5
Rb8 16. O-O Na8 17. Na4 Nc7 18. Rc1 Nb5 19. Rc6 Re7 20. Bb6 Qf8 21. Bxb5 axb5
22. Nac3 Ne8 23. Ba7 Bh6 24. Qd3 Ra8 25. Bf2 Rxa5 26. bxa5 Rc7 27. Qxb5 Bd7 28.
Bb6 Rb7 29. Qa6 Bxc6 30. dxc6 Rb8 31. c7 Nxc7 32. Bxc7 Be3+ 33. Kf1 Ra8 34. Qc6
Bc5 35. Na4 Bb4 36. a6 Ra7 37. Qb6 Qa8 38. Qxb4 Rxc7 39. Qxd6 Rc6 40. Qxe5 Rxa6
41. Nac3 Qa7 42. Qd4 Ra1+ 43. Kf2 Qb8 44. e5 Qa7 45. Qxa7 Rxa7 46. g4 Kg7 47.
Ne4 Ra4 48. h4 Ra5 49. f4 Ra4 50. Kf3 Ra3+ 51. N2c3 Ra1 52. f5 Rh1 53. f6+ Kg8
54. Nf2 Rxh4 55. Kg3 g5 56. Nce4 Rh6 57. Nxg5 Rg6 58. Nfe4 h6 59. Nf3 Kf8 60.
Nh4 Rg8 61. Nf5 Rh8 62. Ned6 1-0

[Event "5th Classic Open 2013"]
[Site "London ENG"]
[Date "2013.12.13"]
[Round "7.13"]
[White "Longson, Alexander"]
[Black "Wells, Peter K"]
[Result "1/2-1/2"]
[WhiteTitle "FM"]
[BlackTitle "GM"]
[WhiteElo "2333"]
[BlackElo "2479"]
[WhiteFideId "408093"]
[BlackFideId "400327"]
[EventDate "2013.12.07"]

1. e4 e5 2. Nf3 Nc6 3. Bb5 a6 4. Ba4 Nf6 5. O-O Be7 6. Re1 b5 7. Bb3 d6 8. c3
O-O 9. h3 Nb8 10. d4 Nbd7 11. Nbd2 Bb7 12. Bc2 Re8 13. Nf1 Bf8 14. Ng3 g6 15. a4
c5 16. d5 c4 17. Bg5 h6 18. Be3 Nc5 19. Qd2 h5 20. Bxc5 dxc5 21. Bd1 Nh7 22. Nf1
Rb8 23. Qe3 Qd6 24. Ng3 Bg7 25. Ng5 Nxg5 26. Qxg5 Kh7 27. Qe3 Bh6 28. Qf3 Rf8
29. axb5 axb5 30. Bc2 Kg8 31. Nf1 Ra8 32. Ne3 Ra6 33. Rxa6 Qxa6 34. Qd1 Ra8 35.
Bb1 Qd6 36. Qe2 Bc8 37. Rd1 Bd7 38. Bc2 Ra2 39. Bb1 Ra6 40. Bc2 Bf4 41. Nf1 Kf8
42. Nh2 Qf6 43. Kh1 Bh6 44. Kg1 Kg7 45. Nf1 Bf4 46. Nh2 Ra2 47. Bb1 Ra1 48. Nf1
h4 49. Kh1 Qg5 50. Nh2 Bxh2 51. Kxh2 Qf4+ 52. Kg1 Qg5 53. Kh1 Qf4 54. Kg1 Qg5 1/2-1/2

[Event "5th Classic Open 2013"]
[Site "London ENG"]
[Date "2013.12.13"]
[Round "7.14"]
[White "Khatanbaatar, Bazar"]
[Black "Williams, Simon K"]
[Result "1-0"]
[WhiteTitle "GM"]
[BlackTitle "GM"]
[WhiteElo "2329"]
[BlackElo "2461"]
[WhiteFideId "4900332"]
[BlackFideId "404454"]
[EventDate "2013.12.07"]

1. e4 c5 2. Nf3 e6 3. d4 cxd4 4. Nxd4 a6 5. Nc3 d6 6. Bd3 Ne7 7. O-O Nbc6 8. Nb3
Ng6 9. f4 Be7 10. Kh1 Nb4 11. f5 Ne5 12. fxe6 Bxe6 13. Be2 O-O 14. Nd4 Re8 15.
a3 Nbc6 16. Nf5 Bf8 17. Qe1 Bxf5 18. exf5 Nd4 19. Bd1 Qc8 20. Qf2 Qc4 21. Bd2
Nb5 22. Be2 Qc6 23. f6 Re6 24. fxg7 Bxg7 25. Bh5 Kh8 26. Nxb5 axb5 27. Bc3 Rg8
28. Rae1 Rh6 29. Qe2 Qd5 30. Rf5 Qe6 31. Ref1 Nc4 32. Qxe6 fxe6 33. Bxg7+ Rxg7
34. Rxb5 Rg8 35. Bf3 Rf8 36. Be2 Rxf1+ 37. Bxf1 Ne3 38. Bd3 Rf6 39. h3 Rf7 40.
Rb6 Rd7 41. Bb5 Rc7 42. c3 Rc5 43. Rxb7 Rd5 44. a4 Rd1+ 45. Kh2 Ra1 1-0

[Event "5th Classic Open 2013"]
[Site "London ENG"]
[Date "2013.12.13"]
[Round "7.15"]
[White "Wall, Gavin"]
[Black "Tania, Sachdev"]
[Result "0-1"]
[WhiteTitle "IM"]
[BlackTitle "IM"]
[WhiteElo "2328"]
[BlackElo "2441"]
[WhiteFideId "2501244"]
[BlackFideId "5007844"]
[EventDate "2013.12.07"]

1. e4 e5 2. Nf3 Nc6 3. Bc4 Nf6 4. d3 Bc5 5. c3 O-O 6. O-O d5 7. exd5 Nxd5 8. Re1
Bg4 9. h3 Bh5 10. g4 Bg6 11. Nxe5 Nxe5 12. Rxe5 c6 13. Bxd5 Bd6 14. Rg5 cxd5 15.
Qf3 Re8 16. Kf1 Be5 17. Na3 h6 18. Rxg6 fxg6 19. d4 Rf8 20. Qg2 Bf4 21. Bxf4
Rxf4 22. Re1 Kh7 23. Nc2 Qd7 24. Nb4 Raf8 25. Re2 Rf3 26. Nc2 Qb5 27. Ne1 Re3 0-1

[Event "5th Classic Open 2013"]
[Site "London ENG"]
[Date "2013.12.13"]
[Round "7.16"]
[White "Ledger, Dave J"]
[Black "Arkell, Keith C"]
[Result "0-1"]
[WhiteTitle "FM"]
[BlackTitle "GM"]
[WhiteElo "2246"]
[BlackElo "2438"]
[WhiteFideId "401986"]
[BlackFideId "400270"]
[EventDate "2013.12.07"]

1. e4 c6 2. d4 d5 3. e5 c5 4. dxc5 e6 5. a3 Bxc5 6. Nf3 Qb6 7. Qd2 a5 8. Bd3 Ne7
9. O-O O-O 10. b3 Ng6 11. Qg5 Bd4 12. Ra2 Nd7 13. Nxd4 Qxd4 14. Bb2 Qh4 15. Qxh4
Nxh4 16. f4 Nc5 17. Bd4 b6 18. g3 Ng6 19. Bb5 Ba6 20. Bxa6 Rxa6 21. Nc3 Rc8 22.
Nb5 Ne7 23. Nd6 Rc6 24. Rb2 Ra8 25. c4 g6 26. cxd5 exd5 27. Rc1 Rb8 28. Be3 Ne6
29. Rxc6 Nxc6 30. Rc2 Ne7 31. g4 d4 32. f5 dxe3 33. fxe6 fxe6 34. Re2 Nd5 35.
Nc4 Rc8 36. a4 Rc5 37. Nxe3 Rc1+ 38. Kf2 Nf4 39. Rd2 Rc3 40. Rd8+ Kf7 41. Rd7+
Kf8 42. Nc4 Rxb3 43. Rd6 Ke7 44. Rxb6 Rxb6 45. Nxb6 Nd3+ 46. Ke3 Nxe5 47. Kf4
Kd6 48. Nc8+ Kd5 49. Ne7+ Kd4 50. h4 h6 51. Ng8 Nf7 52. Ne7 g5+ 53. hxg5 hxg5+
54. Kf3 Ne5+ 55. Kg3 Kc5 56. Nc8 Nd7 57. Kf3 Kb4 0-1

[Event "5th Classic Open 2013"]
[Site "London ENG"]
[Date "2013.12.13"]
[Round "7.17"]
[White "Taylor, Peter P"]
[Black "Kiik, Kalle"]
[Result "0-1"]
[BlackTitle "IM"]
[WhiteElo "2222"]
[BlackElo "2435"]
[WhiteFideId "402478"]
[BlackFideId "4500075"]
[EventDate "2013.12.07"]

1. c4 e5 2. g3 f5 3. Bg2 Nf6 4. d4 exd4 5. Qxd4 Nc6 6. Qe3+ Be7 7. Nc3 O-O 8.
Nh3 Nb4 9. Qd2 a5 10. O-O c6 11. b3 d5 12. cxd5 cxd5 13. a3 d4 14. Nb5 Nc6 15.
Bb2 Ne4 16. Qc2 Be6 17. Nf4 Bf7 18. Bxe4 fxe4 19. Qxe4 Bf6 20. b4 Re8 21. Qf3
Qd7 22. Nd3 Bc4 23. Qh5 Ne5 24. a4 Nxd3 25. exd3 Bxd3 26. Rfe1 Rxe1+ 27. Rxe1
Bxb5 28. axb5 a4 29. b6 h6 30. Qg6 Qf7 31. Qxf7+ Kxf7 32. Rd1 a3 33. Ba1 Ke6 34.
Kf1 Kd5 35. Rc1 d3 36. Bxf6 gxf6 37. Ke1 a2 38. Ra1 Kc4 39. Kd2 Ra3 40. Rc1+ Kb3 0-1

[Event "5th Classic Open 2013"]
[Site "London ENG"]
[Date "2013.12.13"]
[Round "7.18"]
[White "Cherniaev, Alexander"]
[Black "Buchicchio, Giampaolo"]
[Result "1/2-1/2"]
[WhiteTitle "GM"]
[BlackTitle "FM"]
[WhiteElo "2434"]
[BlackElo "2312"]
[WhiteFideId "4117301"]
[BlackFideId "811491"]
[EventDate "2013.12.07"]

1. d4 d5 2. Nf3 Nf6 3. g3 c6 4. Bg2 h6 5. c4 Bf5 6. Nc3 e6 7. Qb3 Qc8 8. O-O
Nbd7 9. Bf4 Be7 10. Rac1 dxc4 11. Qxc4 Nb6 12. Qb3 Nbd5 13. Be5 O-O 14. Nd2 Nxc3
15. bxc3 Nd7 16. Bf4 g5 17. Be3 e5 18. Kh1 Re8 19. f4 exf4 20. gxf4 Nf6 21. fxg5
Ng4 22. g6 Bxg6 23. Bf4 Bg5 24. e4 Ne3 25. Bxe3 Bxe3 26. Rcd1 Bxd2 27. Rxd2 Rxe4
28. c4 Rh4 29. d5 cxd5 30. cxd5 Qc5 31. Qg3 Rd4 32. Rdf2 Rf8 33. Rxf7 Rxf7 34.
Qxg6+ Rg7 35. Qe8+ Kh7 36. Be4+ Rxe4 37. Qxe4+ Kg8 38. Qe6+ Kh7 39. Qf5+ Kg8 40.
Qe6+ Kh7 41. Qe4+ Kg8 42. Rd1 Qe7 43. Qd3 Qd7 44. Qf3 Qf7 45. Qe4 Qe7 46. Qd3
Qd7 47. Re1 Rg5 48. Rg1 Rxg1+ 49. Kxg1 Qg4+ 50. Kf2 Qf4+ 51. Kg2 Kf8 52. d6 Qg4+
53. Kf2 Qf4+ 54. Ke1 Qe5+ 55. Kf1 Qa1+ 56. Kg2 Qxa2+ 57. Kg3 Qg8+ 58. Kh4 Qg5+
59. Kh3 Qh5+ 60. Kg2 Qg5+ 61. Kh1 Qc1+ 62. Kg2 Qg5+ 63. Kh1 1/2-1/2

[Event "5th Classic Open 2013"]
[Site "London ENG"]
[Date "2013.12.13"]
[Round "7.19"]
[White "Bao, Qilin"]
[Black "Ahlander, Bjorn"]
[Result "1/2-1/2"]
[BlackTitle "IM"]
[WhiteElo "2166"]
[BlackElo "2429"]
[WhiteFideId "8605750"]
[BlackFideId "1700251"]
[EventDate "2013.12.07"]

1. e4 c5 2. Nf3 d6 3. d4 cxd4 4. Nxd4 Nf6 5. Nc3 a6 6. Be3 e6 7. Bc4 Nbd7 8. f4
d5 9. exd5 Nb6 10. Qe2 Nxc4 11. Qxc4 exd5 12. Qd3 g6 13. O-O-O Bg7 14. h3 O-O
15. g4 Re8 16. Rhe1 Bd7 17. Kb1 Rc8 18. f5 Ne4 19. Nxd5 Ba4 20. f6 Nxf6 21. Nc3
Bd7 22. Nb3 Qc7 23. Bd4 Bc6 24. g5 Rxe1 25. Rxe1 Nh5 26. Bxg7 Kxg7 27. Nd4 Qf4
28. Re7 Kg8 29. Nxc6 bxc6 1/2-1/2

[Event "5th Classic Open 2013"]
[Site "London ENG"]
[Date "2013.12.13"]
[Round "7.20"]
[White "Sarkar, Justin"]
[Black "Persson, Mats"]
[Result "1-0"]
[WhiteTitle "IM"]
[WhiteElo "2425"]
[BlackElo "2250"]
[WhiteFideId "2010011"]
[BlackFideId "1708333"]
[EventDate "2013.12.07"]

1. d4 Nf6 2. c4 e6 3. Nc3 Bb4 4. Qc2 d5 5. cxd5 exd5 6. Bg5 h6 7. Bh4 c5 8. dxc5
g5 9. Bg3 Nc6 10. e3 Ne4 11. Bd3 Bf5 12. Ne2 Qa5 13. O-O Bxc3 14. Bxe4 dxe4 15.
Qxc3 O-O 16. Qf6 Bg6 17. Rad1 Rfe8 18. Rd7 Qxa2 19. Nc3 Qc4 20. Nd5 Re6 21. Qc3
Qxc3 22. bxc3 Rd8 23. Rxd8+ Nxd8 24. Bc7 Nc6 25. Rb1 Kg7 26. Rxb7 Bf5 27. Nb4
Nxb4 28. cxb4 a6 29. Bd6 Bg4 30. Kf1 Bd1 31. Ke1 Ba4 32. g4 Kg6 33. Kd2 f5 34.
Rb6 Bb5 35. Kc3 fxg4 36. Kd4 Kf7 37. Kd5 Rf6 38. c6 Rxf2 39. Rxb5 Rd2+ 40. Ke5 1-0

[Event "5th Classic Open 2013"]
[Site "London ENG"]
[Date "2013.12.13"]
[Round "7.21"]
[White "McDonald, Neil"]
[Black "Roberts, Paul"]
[Result "1-0"]
[WhiteTitle "GM"]
[BlackTitle "CM"]
[WhiteElo "2418"]
[BlackElo "2215"]
[WhiteFideId "400629"]
[BlackFideId "2400600"]
[EventDate "2013.12.07"]

1. e4 e5 2. Nf3 Nc6 3. Bb5 a6 4. Ba4 Nf6 5. d3 d6 6. c3 g6 7. O-O Bg7 8. Re1 b5
9. Bc2 O-O 10. a4 Bb7 11. Bg5 d5 12. Nbd2 h6 13. Bh4 Re8 14. Qb1 g5 15. Bg3 dxe4
16. Nxe4 Nxe4 17. dxe4 Qe7 18. Nd2 Qc5 19. Nf1 b4 20. Ne3 bxc3 21. bxc3 Rab8 22.
Bb3 Na5 23. Ba2 Qxc3 24. Rc1 Qd4 25. Bxf7+ Kxf7 26. Rxc7+ Kf8 27. Qa2 Nb3 28.
Qa3+ Kg8 29. Qxb3+ Kh8 30. Rd1 Qxe4 31. f3 Ba8 32. Qf7 1-0

[Event "5th Classic Open 2013"]
[Site "London ENG"]
[Date "2013.12.13"]
[Round "7.22"]
[White "Lee, Kai Jie Edward"]
[Black "Houska, Jovanka"]
[Result "0-1"]
[BlackTitle "IM"]
[WhiteElo "2145"]
[BlackElo "2415"]
[WhiteFideId "5802920"]
[BlackFideId "405094"]
[EventDate "2013.12.07"]

1. e4 c6 2. d4 d5 3. Nc3 dxe4 4. Nxe4 Bf5 5. Ng3 Bg6 6. h4 h6 7. Nf3 Nf6 8. h5
Bh7 9. Bd3 Bxd3 10. Qxd3 e6 11. Bd2 c5 12. O-O-O Nc6 13. Qb3 Qb6 14. Bc3 Qxb3
15. axb3 Rd8 16. Rh4 Nd5 17. Be1 Be7 18. Rg4 Nf6 19. Rh4 cxd4 20. Nxd4 Nxh5 21.
Rxh5 Nxd4 22. Bc3 Bf6 23. Kb1 Nc6 24. Rxd8+ Kxd8 25. Bd2 Kc8 26. Ne4 Rd8 27.
Bxh6 gxh6 28. Nxf6 Rd1+ 29. Ka2 Nb4+ 30. Ka3 Nxc2+ 31. Ka4 b6 32. b4 Nd4 33. b5
Rd2 34. Ne4 Rxb2 35. g4 Nc2 0-1

[Event "5th Classic Open 2013"]
[Site "London ENG"]
[Date "2013.12.13"]
[Round "7.23"]
[White "Karavade, Eesha"]
[Black "Moore, Gerald"]
[Result "1-0"]
[WhiteTitle "IM"]
[WhiteElo "2380"]
[BlackElo "2215"]
[WhiteFideId "5012600"]
[BlackFideId "403440"]
[EventDate "2013.12.07"]

1. d4 d6 2. Nf3 g6 3. c4 Bg7 4. e4 Nf6 5. Nc3 O-O 6. h3 Na6 7. Bg5 c5 8. d5 Nc7
9. Bd3 a6 10. a4 h6 11. Bf4 Nh5 12. Be3 e5 13. Qd2 Nf4 14. Bf1 f5 15. g3 fxe4
16. Nxe5 Bxe5 17. gxf4 Bg7 18. Nxe4 Bf5 19. Ng3 Qf6 20. Nxf5 gxf5 21. Bd3 b5 22.
axb5 axb5 23. O-O b4 24. Rxa8 Rxa8 25. b3 Qg6+ 26. Kh2 Kh8 27. Rg1 Qh5 28. Qc2
Rf8 29. Rg3 Ne8 30. Bc1 Kh7 31. Kg2 Bd4 32. Bb2 Bxb2 33. Qxb2 Qf7 34. Qe2 Ng7
35. Re3 Kh8 36. Re7 Qf6 37. Re3 Qh4 38. Qb2 Qxf4 39. Rg3 Rf7 40. Qa1 h5 41. Qa8+
Kh7 42. Qd8 h4 43. Rg4 Qh6 44. Rxh4 Nh5 45. Be2 Qg7+ 46. Bg4 1-0